000 00237nam a22000857a 4500
008 160718b xxu||||| |||| 00| 0 eng d
100 _92995
_a Garg, P.K
245 _aPractice Exercise in Mathematics Part - I
260 _aNew Delhi
_bArya
_c2006
999 _c2558
_d2558